00380 a2200109 4500001001000000005001700010008004100027245011600068100001800184773005100202999001700253ART_4668620260410162040.0260409a 10aImpuesto sobre la renta de las personas físicas y desigualdad de los ingresos en el Ecuador entre 2007 y 20111 aCano, Liliana0 tRevista Cepalg- Nº 123 (dic. 2017)wREV45125 c34764d34764